| 000 | 00768nam a2200253 i 4500 | ||
|---|---|---|---|
| 001 | bg | ||
| 003 | BPK | ||
| 005 | 20191029120955.0 | ||
| 008 | 031111s2003 pl f f |000 0 pol | ||
| 020 | _a8391947920 | ||
| 040 | _cBPK | ||
| 041 | 0 | _apol | |
| 080 | _a517 | ||
| 080 | _a(075.8+076) | ||
| 100 | 1 |
_aLassak, Marek _d(1948- ). |
|
| 245 | 1 | 0 |
_aZadania z analizy matematycznej / _cMarek Lassak. |
| 250 | _aWyd. 3. | ||
| 260 |
_aWarszawa : _bWydawnictwo Wspierania Procesu Edukacji, _c2003. |
||
| 300 |
_a102 s. ; _c24 cm. |
||
| 655 | 4 | _aĆwiczenia i zadania dla szkół wyższych | |
| 650 | 4 | _aAnaliza matematyczna | |
| 942 |
_cKS _2udc |
||
| 856 |
_uhttp://koha.tu.koszalin.pl/cgi-bin/koha/opac-detail.pl?biblionumber=44744 _yKatalog online BPK |
||
| 999 |
_c44744 _d44744 |
||